| 000 | 00538nam a22001577a 4500 | ||
|---|---|---|---|
| 003 | OSt | ||
| 005 | 20160322151856.0 | ||
| 008 | 160322b xxu||||| |||| 00| 0 eng d | ||
| 040 | _cRUA | ||
| 082 | _aFOR NOU 2004 B473 Or.1 | ||
| 100 |
_98116 _aNOUN BUNTHAN; នួន ប៊ុនថាន |
||
| 245 | _aការបង្កើត និងគ្រប់គ្រងថ្លាលបបណ្ដុះកូនឈើស្ពានអង្គ | ||
| 260 |
_aPhnom Penh _bRUA _c2004 |
||
| 300 |
_aiii;31p. _bill. _c29cm. |
||
| 942 |
_2ddc _cFOR |
||
| 999 |
_c7725 _d7725 |
||